000 00824aam a2200313 i 4500
001 768714001
003 CO-MdFUSB
005 20250522163142.0
007 ta
008 250522t1983 -us |||| |||| 00| 0 eng d
020 _a0-87784-838-6
040 _cCO-MdFUSB
041 0 _aeng
082 0 4 _a248.4
_223
_bM1295g
100 1 _aMcConnell, William T. (1941-)
_eautor
245 1 0 _aThe gift of time
_c/ William T. McConnell
264 1 _bInterVarsity Press,
_aDowners Grove, ILL., USA :
_c[1983]
264 4 _c©1983
300 _a120 páginas
336 _atexto
_btxt
_2rdacontent
337 _2rdamedia
_asin mediación
_bn
338 _2rdacarrier
_avolumen
_bnc
563 _aRústico
650 0 _aVida cristiana
_919
653 _aTiempo
942 _cBK
945 _aJTF-925
999 _c35824
_d35824